Republic of Uzbekistan : Technical Assistance Report-External Sector Statistics Mission (September 30-October 11, 2010).

The contents of this report constitute technical advice provided by the staff of the IMF to the authorities of the Republic of Uzbekistan in response to their request for technical assistance. The main objective of the mission was to assist the Central Bank of the Republic of Uzbekistan in improving...

Descrizione completa

Dettagli Bibliografici
Ente Autore: International Monetary Fund. Statistics Dept
Natura: Periodico
Lingua:English
Pubblicazione: Washington, D.C. : International Monetary Fund, 2020.
Serie:IMF Staff Country Reports; Country Report ; No. 2020/189
Accesso online:Full text available on IMF
LEADER 02256cas a2200241 a 4500
001 AALejournalIMF021018
008 230101c9999 xx r poo 0 0eng d
020 |c 5.00 USD 
020 |z 9781513546490 
022 |a 1934-7685 
040 |a BD-DhAAL  |c BD-DhAAL 
110 2 |a International Monetary Fund.  |b Statistics Dept. 
245 1 0 |a Republic of Uzbekistan :   |b Technical Assistance Report-External Sector Statistics Mission (September 30-October 11, 2010). 
264 1 |a Washington, D.C. :  |b International Monetary Fund,  |c 2020. 
300 |a 1 online resource (44 pages) 
490 1 |a IMF Staff Country Reports 
500 |a <strong>Off-Campus Access:</strong> No User ID or Password Required 
500 |a <strong>On-Campus Access:</strong> No User ID or Password Required 
506 |a Electronic access restricted to authorized BRAC University faculty, staff and students 
520 3 |a The contents of this report constitute technical advice provided by the staff of the IMF to the authorities of the Republic of Uzbekistan in response to their request for technical assistance. The main objective of the mission was to assist the Central Bank of the Republic of Uzbekistan in improving the collection, processing, and dissemination of balance of payments, international investment position, and gross external debt statistical data, including improvement of the International Transactions Reporting System, as well as implementation of a medium-term program for further development. After the Republic of Uzbekistan authorities embarked on a course toward greater openness in the country, Uzbekistan made some progress in improving the production and dissemination of statistical data, but in addition to the gains that were seen, the mission noted a number of deficiencies in the External sector statistics compilation system. It is imperative to correct the methodology for calculating operations involving reinvested income for financial corporations and reflect the results obtained in the balance of payments. 
538 |a Mode of access: Internet 
830 0 |a IMF Staff Country Reports; Country Report ;  |v No. 2020/189 
856 4 0 |z Full text available on IMF  |u http://elibrary.imf.org/view/journals/002/2020/189/002.2020.issue-189-en.xml  |z IMF e-Library